<?xml version="1.0" encoding="UTF-8"?>
<collection xmlns="http://www.loc.gov/MARC21/slim">
 <record>
  <leader>02339nam a22003495a 4500</leader>
  <controlfield tag="001">CEM.cems003535</controlfield>
  <controlfield tag="008">130507s1989##################000#0#####d</controlfield>
  <controlfield tag="005">20241220095353.0</controlfield>
  <datafield tag="245" ind1="1" ind2="0">
   <subfield code="a">Historia 2 /</subfield>
   <subfield code="c">Aníbal Pablo Jáuregui</subfield>
  </datafield>
  <datafield tag="260" ind1=" " ind2=" ">
   <subfield code="a">Argentina :</subfield>
   <subfield code="b">Santillana,</subfield>
   <subfield code="c">1989</subfield>
  </datafield>
  <datafield tag="300" ind1=" " ind2=" ">
   <subfield code="a">272 p.</subfield>
  </datafield>
  <datafield tag="505" ind1="0" ind2=" ">
   <subfield code="a">En las puertas de la modernidad -- El humanismo, una cultura urbana (siglos XV y XVI) -- América antes de la conquista -- La gran aventura de los tiempos modernos -- Cuando la historia de América cambió para siempre -- Europa en el siglo XVI -- Los imperios unifican el mundo (siglo XVI) -- Siglo XVII, el siglo del absolutismo -- Un nuevo panorama en América (Siglo XVII) -- Apogeo y cuestionamiento del antiguo régimen - Reforma y crisis del imperio español (Siglo XVIII) -- El comienzo de la economía industrial -- La Revolución francesa -- Año 1810. La ruptura -- Primeros pasos de los nuevos gobiernos (1810-1815) -- Hispanoamérica: entre la reconquista española y el triunfo patriota -- Los estados provinciales en confliicto</subfield>
  </datafield>
  <datafield tag="020" ind1=" " ind2=" ">
   <subfield code="a">9504601081</subfield>
  </datafield>
  <datafield tag="100" ind1="1" ind2=" ">
   <subfield code="a">Jáuregui, Aníbal Pablo</subfield>
  </datafield>
  <datafield tag="082" ind1="0" ind2="4">
   <subfield code="a">940.2</subfield>
  </datafield>
  <datafield tag="653" ind1=" " ind2=" ">
   <subfield code="a">Historia</subfield>
  </datafield>
  <datafield tag="653" ind1=" " ind2=" ">
   <subfield code="a">Historia moderna y contemporánea</subfield>
  </datafield>
  <datafield tag="653" ind1=" " ind2=" ">
   <subfield code="a">Historia de américa</subfield>
  </datafield>
  <datafield tag="653" ind1=" " ind2=" ">
   <subfield code="a">Hisoria argentina</subfield>
  </datafield>
  <datafield tag="859" ind1=" " ind2=" ">
   <subfield code="a">CEMS</subfield>
   <subfield code="b">BIB. CEMS - 11 de abril</subfield>
   <subfield code="h">940.2</subfield>
   <subfield code="i">J327</subfield>
   <subfield code="p">99999.09</subfield>
   <subfield code="t">Ej.1</subfield>
   <subfield code="v">II</subfield>
   <subfield code="3">II</subfield>
  </datafield>
  <datafield tag="859" ind1=" " ind2=" ">
   <subfield code="a">CEMS</subfield>
   <subfield code="b">BIB. CEMS - 11 de abril</subfield>
   <subfield code="h">940.2</subfield>
   <subfield code="i">J327</subfield>
   <subfield code="p">15447.89</subfield>
   <subfield code="t">Ej.2</subfield>
   <subfield code="v">II</subfield>
   <subfield code="3">II</subfield>
  </datafield>
  <datafield tag="859" ind1=" " ind2=" ">
   <subfield code="a">CEMS</subfield>
   <subfield code="b">BIB. CEMS - 11 de abril</subfield>
   <subfield code="h">940.2</subfield>
   <subfield code="i">J327</subfield>
   <subfield code="p">15448.89</subfield>
   <subfield code="t">Ej.3</subfield>
   <subfield code="v">II</subfield>
   <subfield code="3">II</subfield>
  </datafield>
  <datafield tag="859" ind1=" " ind2=" ">
   <subfield code="a">CEMS</subfield>
   <subfield code="b">BIB. CEMS - 11 de abril</subfield>
   <subfield code="h">940.2</subfield>
   <subfield code="i">J327</subfield>
   <subfield code="p">15449.89</subfield>
   <subfield code="t">Ej.4</subfield>
   <subfield code="v">II</subfield>
   <subfield code="3">II</subfield>
  </datafield>
  <datafield tag="859" ind1=" " ind2=" ">
   <subfield code="a">CEMS</subfield>
   <subfield code="b">BIB. CEMS - 11 de abril</subfield>
   <subfield code="h">940.2</subfield>
   <subfield code="i">J327</subfield>
   <subfield code="p">15503.89</subfield>
   <subfield code="t">Ej.5</subfield>
   <subfield code="v">II</subfield>
   <subfield code="3">II</subfield>
  </datafield>
  <datafield tag="859" ind1=" " ind2=" ">
   <subfield code="a">CEMS</subfield>
   <subfield code="b">BIB. CEMS - 11 de abril</subfield>
   <subfield code="h">940.2</subfield>
   <subfield code="i">J327</subfield>
   <subfield code="p">16171.91</subfield>
   <subfield code="t">Ej.6</subfield>
   <subfield code="v">II</subfield>
   <subfield code="3">II</subfield>
  </datafield>
  <datafield tag="859" ind1=" " ind2=" ">
   <subfield code="a">CEMS</subfield>
   <subfield code="b">BIB. CEMS - 11 de abril</subfield>
   <subfield code="h">940.2</subfield>
   <subfield code="i">J327</subfield>
   <subfield code="p">16173.91</subfield>
   <subfield code="t">Ej.8</subfield>
   <subfield code="v">II</subfield>
   <subfield code="3">II</subfield>
  </datafield>
  <datafield tag="859" ind1=" " ind2=" ">
   <subfield code="a">CEMS</subfield>
   <subfield code="b">BIB. CEMS - 11 de abril</subfield>
   <subfield code="h">940.2</subfield>
   <subfield code="i">J327</subfield>
   <subfield code="p">16175.91</subfield>
   <subfield code="t">Ej.10</subfield>
   <subfield code="v">II</subfield>
   <subfield code="3">II</subfield>
  </datafield>
  <datafield tag="859" ind1=" " ind2=" ">
   <subfield code="a">CEMS</subfield>
   <subfield code="b">BIB. CEMS - 11 de abril</subfield>
   <subfield code="h">940.2</subfield>
   <subfield code="i">J327</subfield>
   <subfield code="p">16649.92</subfield>
   <subfield code="t">Ej.11</subfield>
   <subfield code="v">II</subfield>
   <subfield code="3">II</subfield>
  </datafield>
  <datafield tag="859" ind1=" " ind2=" ">
   <subfield code="a">CEMS</subfield>
   <subfield code="b">BIB. CEMS - 11 de abril</subfield>
   <subfield code="h">940.2</subfield>
   <subfield code="i">J327</subfield>
   <subfield code="p">16650.92</subfield>
   <subfield code="t">Ej.12</subfield>
   <subfield code="v">II</subfield>
   <subfield code="3">II</subfield>
  </datafield>
  <datafield tag="859" ind1=" " ind2=" ">
   <subfield code="a">CEMS</subfield>
   <subfield code="b">BIB. CEMS - 11 de abril</subfield>
   <subfield code="h">940.2</subfield>
   <subfield code="i">J327</subfield>
   <subfield code="p">16651.92</subfield>
   <subfield code="t">Ej.13</subfield>
   <subfield code="v">II</subfield>
   <subfield code="3">II</subfield>
  </datafield>
  <datafield tag="859" ind1=" " ind2=" ">
   <subfield code="a">CEMS</subfield>
   <subfield code="b">BIB. CEMS - 11 de abril</subfield>
   <subfield code="h">940.2</subfield>
   <subfield code="i">J327</subfield>
   <subfield code="p">16652.92</subfield>
   <subfield code="t">Ej.14</subfield>
   <subfield code="v">II</subfield>
   <subfield code="3">II</subfield>
  </datafield>
  <datafield tag="859" ind1=" " ind2=" ">
   <subfield code="a">CEMS</subfield>
   <subfield code="b">BIB. CEMS - 11 de abril</subfield>
   <subfield code="h">940.2</subfield>
   <subfield code="i">J327</subfield>
   <subfield code="p">16653.92</subfield>
   <subfield code="t">Ej.15</subfield>
   <subfield code="v">II</subfield>
   <subfield code="3">II</subfield>
  </datafield>
 </record>
</collection>
